000 00380cam a2200157ua 4500
001 5471
008 120411n II |||gr||||Z||||||asm
040 _aMAIN
041 _aEnglish
082 _a920 SIN
100 _aSINGHA , JUMAL MAHIDEV.
245 _aBISHNU PRIYA MANIPURI
260 _aJORHAT
_bAXOM SAHITYA SABHA
653 _aBiography, genealogy & insignia
942 _cBK
999 _c5456
_d5456